| 000 | 00909cam a2200289 4500 | ||
|---|---|---|---|
| 001 | 1723036 | ||
| 003 | OSt | ||
| 005 | 20140310182028.0 | ||
| 008 | 730710t19731971nyu 000 0 eng | ||
| 010 | _a 73004029 | ||
| 020 | _a345243331150 | ||
| 040 |
_aDLC _cDLC _dDLC |
||
| 050 | 0 | 0 |
_aBF 637 _b.N551 1974 |
| 082 | 0 | 0 |
_aHS 158.1 _bN46 1971 |
| 100 | 1 |
_aNewman, Mildred _d1920- _910050 |
|
| 245 | 1 | 0 |
_aHow to be your own best friend : _ba conversation with two psychoanalysts / _cMildred Newman & Bernard Berkowitz with Jean Owen. |
| 250 | _a[1st ed.] | ||
| 260 |
_aNew York : _bBallantine Books, _cc1971. |
||
| 300 |
_a96 p. : _c18 cm. |
||
| 350 | _a$4.95 | ||
| 650 | 0 |
_aSelf-actualization (Psychology) _978 |
|
| 700 | 1 |
_aBerkowitz, Bernard, _d1909- _ejoint author. _910051 |
|
| 700 | 1 |
_aOwen, Jean. _910052 |
|
| 906 |
_a7 _bcbc _corignew _d2 _eocip _f19 _gy-gencatlg |
||
| 942 |
_2lcc _cHS |
||
| 999 |
_c8520 _d8520 |
||